000 00323 a2200121 4500
001 68161
040 _cAnchieta - Pituba
240 1 0 _aI Seminário Internacional da Pedagogia da Alternância
_lpor
245 1 0 _aI Seminário Internacional da Pedagogia da Alternância
362 0 _a1999
650 4 _aEducação
942 _cBK
999 _c68161
_d68161